أحكام المتهم في الفقه الاسلامي : مقارنة بالقانون الوضعي /
محفوظ في:
| المؤلف الرئيسي: | |
|---|---|
| مؤلفون آخرون: | |
| التنسيق: | أطروحة |
| اللغة: | Arabic |
| منشور في: |
Filastine :
Jami'ah al-Najah al-Wataniyah,
2006
|
| الموضوعات: | |
| الوسوم: |
إضافة وسم
لا توجد وسوم, كن أول من يضع وسما على هذه التسجيلة!
|
| LEADER | 017160000a22003250004500 | ||
|---|---|---|---|
| 008 | 100923s2006 jo f00 0000 00ara d | ||
| 040 | |a UIAM |b eng | ||
| 041 | |a ara | ||
| 050 | 0 | 4 | |a BP158.4.H21 |
| 100 | 1 | |a صبرة، نزار رجا سبتي |9 123293 | |
| 242 | 1 | 0 | |a Ahkam al-muttaham fi al-fiqh al-Islami : |b muqaranah bi-al-qanun al-wad'i |
| 245 | 1 | 0 | |a أحكام المتهم في الفقه الاسلامي : |b مقارنة بالقانون الوضعي / |c اعداد نزار رجا سبتي صبرة |
| 260 | |a Filastine : |b Jami'ah al-Najah al-Wataniyah, |c 2006 | ||
| 300 | |a 202 leaves ; |c 30 cm. | ||
| 336 | |2 rdacontent | ||
| 337 | |2 rdamedia | ||
| 338 | |2 rdacarrier | ||
| 500 | |a "قدةت هذه الأطروحة استكمالا لمطلبات درجة الماجستير في الفقه والتشريع بكلية الدراسات العليا في جامعة النجاح الوطنية في نابلس، فلسطين "On t.p. | ||
| 500 | |a Abstract in English. | ||
| 502 | |a Thesis (M.A.)--Jami'at al-Najah al-Wataniyah, 2006 | ||
| 504 | |a Includes bibliographical references (leaves 188-202). | ||
| 650 | |a Indictments (Islamic law) |9 35117 | ||
| 655 | |a Theses, Facsimile edition (Islamic) | ||
| 700 | |a Sabrah, Nizar Raja Sabti |9 123294 | ||
| 710 | |a Jami'at al-Najah al-Wataniyah. |b Kulliyat al-Dirasat al-'Ulya |9 90048 | ||
| 710 | |a جامعة النجاح الوطنية. |b كلية الدراسات العليا |9 90049 | ||
| 900 | |a sz-ami | ||
| 942 | |2 lcc |n 0 | ||
| 999 | |c 434810 |d 465653 | ||
| 952 | |0 0 |6 TI BP 000158.000004 H000021S000118A 002006 |7 0 |8 THESES |9 757500 |a IIUM |b IIUM |c MULTIMEDIA |g 337.50 |o ti BP 158.4 H21S118A 2006 |p 00011147713 |r 2017-10-23 |t 1 |v 337.50 |y THESIS | ||
